| 000 | 00504nam a2200169 i 4500 | ||
|---|---|---|---|
| 001 | 87918 | ||
| 003 | ES-MaACL | ||
| 005 | 20230906175751.0 | ||
| 007 | t| | ||
| 008 | 041228s1970 sp ||||1| spa d | ||
| 100 | 1 |
_aLacroix, Jean. _969405 |
|
| 245 | 1 | 4 |
_aLos hombres ante el fracaso / _cbajo la dirección de Jean Lacroix ; [versión de Josep Pombo]. |
| 260 |
_aBarcelona : _bHerder, _c1970. |
||
| 300 |
_a279 p. ; _c22 cm. |
||
| 700 | 1 |
_aPombo, Josep A. _992907 |
|
| 852 |
_aES-MaACL _jC-38361 _bR.74938 |
||
| 999 |
_c87918 _d87918 |
||